Govt. of
Madhya Pradesh

Unsung genius a life of jagadish chandra bose (Record no. 68967)

MARC details
000 -LEADER
fixed length control field 00307nam a22001217a 4500
020 ## - INTERNATIONAL STANDARD BOOK NUMBER
ISBN 978-93-91047-45-0
082 ## - DEWEY DECIMAL CLASSIFICATION NUMBER
Classification number 920/GHO
100 ## - MAIN ENTRY--AUTHOR NAME
Personal name Ghosh,Kunal
245 ## - TITLE STATEMENT
Title Unsung genius a life of jagadish chandra bose
260 ## - PUBLICATION, DISTRIBUTION, ETC. (IMPRINT)
Place of publication New delhi
Name of publisher Aleph book company
Year of publication 2022
650 ## - SUBJECT ADDED ENTRY--TOPICAL TERM
Topical Term Biography
942 ## - ADDED ENTRY ELEMENTS (KOHA)
Koha item type Books
Holdings
Withdrawn status Lost status Damaged status Not for loan Home library Current library Date acquired Cost, normal purchase price Full call number Accession Number Price effective from Koha item type
        MACL MACL 08/04/2026 999.00 920/GHO CRE040442 08/04/2026 Books